000 00667nam a2200193 a 4500
999 _c214
_d214
020 _a0070588147 (hardcover)
020 _a9780070588141 (hardcover)
082 _a621.381531KHA
100 _aKhandpur, R.S
245 0 0 _aPrinted Circuit Boards : design, fabrication, assembly and testing
260 _a[S.l.] :
_bMcGraw-Hill Professional Publishing,
_c2005.
300 _a1 v. (unpaged) ;
650 _aPrinted circuits Design and construction
650 _aElectronic apparatus and appliances Design and construction
650 _aTransfer functions
650 _aElectric circuits, Linear
856 4 0 _uhttp://10.10.170.122:8080/browse/book/24922
942 _cBK